00693nam a22001577a 4500020001800000082001500018100001700033245012000050260004600170300002100216563000900237880009700246942001200343999001900355952016100374 a9789699290091 a297.4bBAH aBahu, Sultan aKalid Tauheed (Khurd), Majalis un Nabi, Risala e Ruhi Sharif /cSultan Bahu and Translated by Syed Ameer Khan Niazi aLahore :bAl-Arifeen Publications,c2018. a174 p. ;c22 cm. aHBK. 6245-02\raکلید التوحید، مجالسہ النبی، رسالہ روحی شریف / 2ddccBK c590290d590290 00102ddc406297_400000000000000_BAH709581250aCLbCLcISLd2022-07-13eDonated by Muslim Institute l0o297.4 BAHpCL-D-1815r2022-07-13w2022-07-13yBK